书目信息 |
| 题名: |
激光与生物组织的相互作用--原理及应用
|
|
| 作者: | 张镇西 译 | |
| 分册: | ||
| 出版信息: | 西安 西安交通大学出版社 1999.04 |
|
| 页数: | 265页 | |
| 开本: | 26cm | |
| 丛书名: | ||
| 单 册: | ||
| 中图分类: | R312 | |
| 科图分类: | ||
| 主题词: | 医药学:基础科学 , 医学人类学 | |
| 电子资源: | ||
| ISBN: | 7-5605-1108-2 | |
| 000 | 00644nam0 2200205 45 | |
| 001 | 0439639238 | |
| 005 | 2004042711003912 | |
| 010 | @a7-5605-1108-2@dCNY 28.00 | |
| 100 | @a20040427d1999 km y0chiy0120 ea | |
| 101 | 0 | @achi |
| 102 | @aCN@b610000 | |
| 200 | 1 | @a激光与生物组织的相互作用--原理及应用@AJi Guang Yu Sheng Wu Zu Zhi De Xiang Hu Zuo Yong--Yuan Li Ji Ying Yong@f张镇西等译@Fzhang zhen xi deng yi |
| 210 | @a西安@c西安交通大学出版社@d1999.04 | |
| 215 | @a265页@d26cm | |
| 606 | 0 | @a医药学:基础科学 |
| 606 | 0 | @a医学人类学 |
| 690 | 1 | @aR312@v4 |
| 701 | 0 | @a张镇西@Azhang zhen xi@4译 |
| 801 | 0 | @aCN@bPFT@c20040427 |
| 905 | @dR312@eZ240 | |
| 激光与生物组织的相互作用--原理及应用/张镇西等译.-西安:西安交通大学出版社,1999.04 |
| 265页;26cm |
| ISBN 7-5605-1108-2:CNY 28.00 |
| ● |
| 相关链接 |
|
|
|
正题名:激光与生物组织的相互作用--原理及应用
索取号:R312/Z240
 
预约/预借
| 序号 | 登录号 | 条形码 | 馆藏地/架位号 | 状态 | 备注 |
| 1 | 382445 | 203824451 | 自科库401/401自科库 13排3列2层/ [索取号:R312/Z240] | 在馆 | |
| 2 | 382446 | 203824460 | 自科库401/401自科库 13排3列2层/ [索取号:R312/Z240] | 在馆 |